| 000 | 00429nam a2200181Ia 4500 | ||
|---|---|---|---|
| 003 | 0STCL | ||
| 008 | 150530s9999 xx 000 0 und d | ||
| 040 |
_aSTCL _cSTCL |
||
| 100 | _aNavakant Baruva | ||
| 245 | _aBandanam | ||
| 250 | _a1 | ||
| 260 |
_bPrabhath Book House; Thiruvananthapuram _c1986 _aThiruvananthapuram |
||
| 300 | _a0 | ||
| 546 | _aMalayalam | ||
| 942 |
_2ddc _cBK |
||
| 999 |
_c73601 _d73601 |
||
| 005 | 20220125171534.0 | ||